000 01020cam a2200205 4500
001 ABS63038
008 000000n2000 000 0 eng u
035 _a(Sirsi) u108809
100 _aMetliss, M.
245 _aGive litigation a break
260 _c2000
490 _aEstates Gazette
_v(0038) 23 September 2000, 193(1)
520 _aDetails the conclusions drawn from a recent client needs survey conducted for the property division of SJ Berwin & Co. Among the key findings were that clients expect definitive answers to questions of litigation, and they do not want to be given unrealistic expectations of winning. Reflecting another concern of clients' presents five break-clause questions for readers to determine. Suggests that questions concerning break clauses are not necessarily complex but the answers are not always straightforward.
590 _aABS
650 _aLITIGATION
650 _aBREAK CLAUSES
650 _aCOMMERCIAL LEASES
690 _aPROPERTY-LANDLORD AND TENANT
942 _n0
999 _c64958
_d64958